| 000 | 00904nam a2200241 a 4500 | ||
|---|---|---|---|
| 001 | 000036096 | ||
| 005 | 20200930074855.0 | ||
| 008 | 111209s1986 dr acg 001 0bspa d | ||
| 040 |
_aDO-SdBNP _bspa _cBNPHU |
||
| 082 |
_a782.42163 _bS944c |
||
| 100 | 1 |
_aSuero, Luis Eduardo, _d1906-1966 _962134 |
|
| 245 | 1 | 0 |
_aCanciones del Lic. Luis E. Suero / _cLuis Eduardo Suero ; prólogo de Ángel Augusto Suero. |
| 260 |
_aSanto Domingo : _bTaller, _c1986. |
||
| 300 |
_a104 p. : _bil., música, retrs. ; _c17 cm. |
||
| 590 | _aInventariado, 2018/LP | ||
| 650 | 4 |
_aCompositores dominicanos _959894 |
|
| 650 | 4 |
_aMúsica popular dominicana _xAutores y editores _959895 |
|
| 650 | 4 |
_aMúsica y canciones _958651 |
|
| 650 | 4 |
_aCanciones dominicanas _xTextos _958653 |
|
| 650 | 4 |
_aMúsica dominicana _vPARTITURAS _958654 |
|
| 700 | 1 |
_aSuero, Ángel Augusto, _epról. _97384 |
|
| 910 | _aValidado. Control de calidad EMS | ||
| 999 |
_c35587 _d35587 |
||